000 00615nam a2200205 a 4500
001 000106927
003 AM-YEHGA
005 20250617122326.0
008 990912s1974 ru ||||| |||| 00| 0 rus d
020 _c
040 _aAM-YeHGA
041 0 _arus
100 1 _aНиколаев, Андриян Григорьевич
245 1 0 _aКосмос - дорога без конца /
_cА. Г. Николаев.
260 _aМосква :
_bМол. гвардия,
_c1974.
300 _a267 с. :
_bпорт. ;
_c21 см.
650 1 4 _aКосмические полеты
942 _2udc
_cBK
090 _c35426
999 _c34909
_d34909